Die erfolgreichsten Songs im Jahr 2013 - Statistiken

Allgemein
  • Dieses Quiz wurde 231 mal gespielt
  • Das Durchschnittsergebnis liegt bei 9 aus 20
Antwortstatistiken
Platz Künstler Titel % Korrekt
5 Passenger Let Her Go
78%
1 Avicii Wake Me Up
77%
2 Robin Thicke feat. TI & Pharrell Blurred Lines
59%
6 Macklemore & Ryan Lewis feat. Ray Dalton Can't Hold Us
57%
7 Macklemore & Ryan Lewis feat. Wanz Thrift Shop
57%
4 Daft Punk feat. Pharrell Williams Get Lucky
54%
9 Imagine Dragons Radioactive
54%
3 will.I.am feat. Britney Spears Sceam & Shout
52%
14 The script feat. will.I.am Hall Of Fame
51%
15 Sido Bilder im Kopf
49%
19 Icona Pop feat. Charlie XCX I Love It
42%
10 Naughty Boy feat. Sam Smith La La La
42%
18 Avicii Hey Brother
41%
11 James Arthur Impossible
39%
12 P!NK feat. Nate Rues Just Give Me A Reason
38%
17 Sportfreunde Stiller Applaus! Applaus!
37%
8 Capital Cities Safe And Sound
37%
16 Justin Timberlake Mirrors
23%
13 Jubel Klingande
22%
20 Olly Murs Dear Darlin'
11%
Keine übereinstimmenden Quizze gefunden
Verteilung der Resultate
Anzahl Personen mit jedem Resultat
Perzentil nach korrekt beantworteten Fragen
Ihre Resultats-Entwicklung
Sie haben dieses Quiz noch nicht gespielt